000 00512pab a2200193 454500
008 180718b2011 xxu||||| |||| 00| 0 eng d
100 _aCulver, Keith
245 _aHard nodes in soft surroundings: A `dream of islands' strategy for urban sustainability
260 _c2011
300 _ap.336-342.
362 _aSep
650 _aSustainble development
650 _aUrbanization
700 _aHue, Christelle
700 _aGuilloteau, Rachel
773 _aDevelopment
908 _aN
909 _a93257
999 _c93257
_d93257